Generating electricity from the sun

Αποθηκεύτηκε σε:
Λεπτομέρειες βιβλιογραφικής εγγραφής
Άλλοι συγγραφείς: Treble, F. C. (Επιμελητής έκδοσης)
Μορφή: Βιβλίο
Γλώσσα:English
Δημοσίευση: Oxford : Pergamon , 1991
Σειρά:Renewable energy series
Θέματα:
Ετικέτες: Προσθήκη ετικέτας
Δεν υπάρχουν, Καταχωρήστε ετικέτα πρώτοι!

MARC

LEADER 00000pam a2200000 i 4500
001 1/65018
008 931004s1991 eng d
020 |a 0-08-040936-9 
035 |l 10001484 
040 |a GR-MY-UA  |b gre  |e aacr 
041 0 |a eng 
082 0 |a 621.47 
245 1 0 |a Generating electricity from the sun /  |c edited by Fred C. Treble 
260 |a Oxford :   |b Pergamon ,   |c 1991 
300 |a viii, 293 p.;  |c 24 cm 
490 1 |a Renewable energy series 
650 0 0 |a Photovoltaic power generation. 
700 1 |a Treble, F. C.  |4 edt 
830 0 |a Renewable energy series 
852 |a INST  |b LESVOS  |e 19931004  |h 621.47 GEN  |p 005100005864  |q 005100005864  |t BK  |y 0 
909 |a Λ  |b 026825